Okamžité skončenie pracovného pomeru a jeho hmotnoprávne podmienky

Charakteristika okamžitého skončenia pracovného pomeru. Dôvody na okamžité skončenie pracovného pomeru. Okamžité skončenie pracovného pomeru zo strany zamestnávateľa. Okamžité skončenie pracovného pomeru zo strany zamestnanca.

Gespeichert in:
Bibliographische Detailangaben
1. Verfasser: Rybárová, Mária
Format: Buchkapitel
Sprache:Slowakisch
Schlagworte:
Tags: Tag hinzufügen
Keine Tags, Fügen Sie das erste Tag hinzu!

MARC

LEADER 00000naa a2200000 4500
001 r049009
005 20231002091050.1
041 0 |a slo 
044 |a SK 
245 1 0 |a Okamžité skončenie pracovného pomeru a jeho hmotnoprávne podmienky  |c Mária Rybárová 
520 |a Charakteristika okamžitého skončenia pracovného pomeru. Dôvody na okamžité skončenie pracovného pomeru. Okamžité skončenie pracovného pomeru zo strany zamestnávateľa. Okamžité skončenie pracovného pomeru zo strany zamestnanca. 
610 2 0 |a skončenie pomeru pracovného 
610 2 0 |a vzťahy pracovnoprávne 
610 2 0 |a zamestnávatelia 
610 2 0 |a zamestnanci 
100 1 |a Rybárová, Mária